Welcome to UE Central Library

Keep Smiling

In search of the double helix (Record no. 26004)

MARC details
000 -LEADER
fixed length control field 00604nam a22001937a 4500
005 - DATE AND TIME OF LATEST TRANSACTION
control field 20260413133832.0
008 - FIXED-LENGTH DATA ELEMENTS--GENERAL INFORMATION
fixed length control field 260413b |||||||| |||| 00| 0 eng d
020 ## - INTERNATIONAL STANDARD BOOK NUMBER
International Standard Book Number 0140248137 (pbk)
040 ## - CATALOGING SOURCE
Transcribing agency UE-CL
082 ## - DEWEY DECIMAL CLASSIFICATION NUMBER
Classification number 530.12
Item number G8711
100 ## - MAIN ENTRY--PERSONAL NAME
Personal name Gribbin john
245 ## - TITLE STATEMENT
Title In search of the double helix
Statement of responsibility, etc /John gribbin
260 ## - PUBLICATION, DISTRIBUTION, ETC. (IMPRINT)
Place of publication, distribution, etc London:
Name of publisher, distributor, etc Penguin books,
Date of publication, distribution, etc 1985
300 ## - PHYSICAL DESCRIPTION
Extent 369 P.
546 ## - LANGUAGE NOTE
Language note English
650 ## - SUBJECT ADDED ENTRY--TOPICAL TERM
Topical term or geographic name as entry element Search--Double--Helix
942 ## - ADDED ENTRY ELEMENTS (KOHA)
Koha item type Books
505 ## - FORMATTED CONTENTS NOTE
Formatted contents note Part one<br/>Chapter one: Darwin up to date<br/>Chapter two: Mendel and the modern synthesis<br/>Chapter three: Sex and recombination
Holdings
Withdrawn status Damaged status Not for loan Home library Current library Date acquired Full call number Barcode Date last seen Price effective from Koha item type
    Not For Loan UE-Central Library UE-Central Library 13.04.2026 530.12 G8711 T5698D 13.04.2026 13.04.2026 Books
Copyright © 2023, University of Education, Lahore. All Rights Reserved.
Email:centrallibrary@ue.edu.pk